00878nam a2200253 a 450000100100000000500170001000800410002702000150006804000250008304100380010808200200014610000330016624000340019924500780023326000440031130000210035549000150037650000760039153400560046765000220052365000370054570000270058283000150060900001162220250218125614.0091021s2002 ck 000 f spa d a958704049X aDO-SdBNPbspacBNPHU17aspahpor2Código de idioma MARC aB869.34bS243ho1 aSaramago, José,d1922-201012aO homem duplicado.lEspañol13aEl hombre duplicado /cJosé Saramago ; traducción de Pilar del Río. aBogotá, Colombia :bAlfaguara,c2002. a407 p. ;c22 cm.1 aBiblioteca aIncluye datos biográficos del autor en la solapa de la contracubierta pTítulo original en Portugés:tO homem duplicado 4aNovela portuguesa 4aLiteratura portuguesaySIGLO XXI1 aRío, Pilar del,etr. 0aBiblioteca